| 000 | 00927nam a2200193 i 4500 | ||
|---|---|---|---|
| 001 | 187922 | ||
| 003 | ES-MaACL | ||
| 005 | 20250727190110.0 | ||
| 008 | 180326s1928 sp |||| | spa d | ||
| 100 | 1 |
_aJordán de Urríes y Azara, José ( _d1868-1932) _966921 |
|
| 245 | 1 | 0 |
_aComentarios de estéticos alemanes a la doctrina artística de Wölfflin _b: conferencia dada el 21 de diciembre de 1927 / _cpor José Jordán de Urríes y Azara. |
| 260 |
_aMadrid : _b[s.n.], _c1928 ( _fBlass tipogragía) |
||
| 300 |
_a15 p. ; _c23 cm. |
||
| 490 | 1 |
_aConferencias dadas en el Centro de intercambio intelectual germano-español ; _v20 |
|
| 600 | 0 | 4 |
_aWölfflin, Heinrich. _9117269 |
| 830 | 0 | 0 |
_aConferencias dadas en el Centro de Intercambio Intelectual Germano-Español _v20 _9192904 |
| 852 |
_aES-MaACL _jC-8111(16) _z.- Donat. del Centro de Intercambio Intelectual Germano-Español (Madrid) |
||
| 999 |
_c187922 _d187922 |
||